000 00389nam a2200133Ia 4500
008 231129s9999||||xx |||||||||||||| ||spa||
020 _a84-7530-564-4
040 _bspa
082 _a658.001 o93te
100 _aOuchi William
245 0 _aTeoria Z : como pueden las empresas hacerle frente al desafio japones
264 _aNorma
942 _2ddc
_cBKS
999 _c25256
_d25256